[Event "Seoul op"]
[Site "Seoul"]
[Date "2008.12.01"]
[Round "1"]
[White "Kojima, Shinya"]
[Black "Diu, Viacheslav"]
[Result "0-1"]
[WhiteElo "2272"]
[BlackElo "2453"]
[PlyCount "88"]
[EventDate "2008.12.01"]
[EventType "swiss"]
[EventRounds "9"]
[EventCountry "KOR"]
[SourceTitle "EXT 2010"]
[Source "ChessBase"]
[SourceDate "2010.11.25"]
[SourceVersion "1"]
[SourceVersionDate "2010.11.25"]
[SourceQuality "1"]

1. Nf3 Nf6 2. c4 e6 3. Nc3 d5 4. d4 c6 5. e3 Nbd7 6. Bd3 dxc4 7. Bxc4 b5 8. Bd3 Bb7 9. a3 b4 10. Ne4 Nxe4 11. Bxe4 Qb6 12. Nd2 c5 13. Nc4 Qa6 14. Bxb7 Qxb7 15. 0-0 Qd5 16. b3 cxd4 17. exd4 Nf6 18. axb4 Bxb4 19. Ba3 Bxa3 20. Rxa3 0-0 21. Qa1 Qb7 22. Rb1 Rfd8 23. h3 Nd5 24. g3 Ne7 25. Ra4 Nf5 26. Ne5 f6 27. Ng4 Rd7 28. Qc3 Rad8 29. Rd1 e5 30. Qc4+ Kh8 31. Rb4 Qa8 32. d5 Rxd5 33. Rxd5 Rxd5 34. Rb8+ Qxb8 35. Qxd5 Nd4 36. b4 h5 37. Ne3 Qxb4 38. Qa8+ Kh7 39. Qxa7 Qb1+ 40. Kg2 Qe4+ 41. Kg1 Qb1+ 42. Kg2 Qe4+ 43. Kg1 Qf3 44. Nf1 h4 0-1